LEADER 02747nam 2200541 450 001 9910591162903321 005 20230111003050.0 010 $a0-19-192482-2 010 $a0-19-192481-4 010 $a0-19-265345-8 010 $a0-19-265344-X 035 $a(MiAaPQ)EBC7075521 035 $a(Au-PeEL)EBL7075521 035 $a(CKB)24717442400041 035 $a(StDuBDS)9780191924811 035 $a(PPN)268195579 035 $a(EXLCZ)9924717442400041 100 $a20220713d2022 fy| 0 101 0 $aeng 135 $aurcnu|||||||| 181 $ctxt$2rdacontent 182 $cc$2rdamedia 183 $acr$2rdacarrier 200 00$aVoices in psychosis $einterdisciplinary perspectives /$fedited by Angela Woods, Ben Alderson-Day, Charles Fernyhough$b[electronic resource] 205 $aFirst edition. 210 1$aOxford :$cOxford University Press,$d2022. 215 $a1 online resource (242 pages) 300 $aThis edition also issued in print: 2022. 300 $a"This is an open access publication, available online and distributed under the terms of a Creative Commons Attribution - Non Commercial - No Derivatives 4.0 International licence (CC BY-NC-ND 4.0)"--Title page verso. 311 08$aPrint version: Woods, Angela Voices in Psychosis Oxford : Oxford University Press, Incorporated,c2022 9780192898388 320 $aIncludes bibliographical references and index. 330 8 $aVoice-hearing experiences associated with psychosis are highly varied, frequently distressing, poorly understood, and deeply stigmatised, even within mental health settings. 'Voices in Psychosis' responds to the urgent need for new ways of listening to and making sense of these experiences. It brings multiple disciplinary, clinical, and experiential perspectives to bear on an original and extraordinarily rich body of testimony: transcripts of forty in-depth phenomenological interviews conducted with people who hear voices and who have accessed Early Intervention in Psychosis services. The book addresses the social, clinical, and research contexts in which the interviews took place, thoroughly investigating the embodied, multisensory, affective, linguistic, spatial, and relational qualities of voice-hearing experiences. 606 $aAuditory hallucinations 606 $aPsychology$2ukslc 606 $aPsychology$2thema 615 0$aAuditory hallucinations. 615 7$aPsychology. 615 7$aPsychology. 676 $a616.805 702 $aWoods$b Angela 702 $aAlderson-Day$b Ben 702 $aFernyhough$b Charles$f1968- 801 0$bStDuBDS 801 1$bStDuBDS 906 $aBOOK 912 $a9910591162903321 996 $aVoices in Psychosis$92912367 997 $aUNINA